Statistics for DC Supervillains

Click here to take the quiz!

General Stats

  • This quiz has been taken 81 times
    (37 since last reset)
  • The average score is 70 of 225

Answer Stats

HintAnswer% Correct
The Clown Prince Of CrimeThe Joker
100%
Selina KyleCatwoman
93%
Superman's Arch EnemyLex Luthor
93%
Eobard ThawneReverse-Flash
93%
Jonathan CraneScarecrow
93%
Oswald CobblepotThe Penguin
93%
Slade WilsonDeathstroke
89%
Harleen QuinzelHarley Quinn
89%
Edward NigmaThe Riddler
89%
Harvey DentTwo-Face
89%
The Man Who Broke The BatBane
86%
Floyd LawtonDeadshot
86%
Kryptonian General Who Escaped
The Phantom Zone
General Zod
86%
Victor FriesMr. Freeze
86%
Pamela IsleyPoison Ivy
86%
Leonard SnartCaptain Cold
82%
God Of WarAres
79%
Waylon JonesKiller Croc
79%
Leader Of The League Of AssassinsRa's Al Ghul
79%
Leader Of The Yellow LanternsSinestro
79%
Teth-AdamBlack Adam
75%
Vril DoxBrainiac
75%
UxasDarkseid
75%
Telepathic GorillaGorilla Grodd
75%
Caitlin SnowKiller Frost
75%
Daughter Of ^Talia Al Ghul
75%
Barbara Ann MinervaCheetah
71%
Basil KarloClayface
71%
Hunter ZolomonZoom
71%
Opposite Of SupermanBizarro
68%
Evil Scientist Who Discovered Batman’s IdentityHugo Strange
68%
Father Of RavenTrigon
68%
Jervis TetchMad Hatter
64%
Cyrus GoldSolomon Grundy
64%
AtrosAtrocitus
61%
Mick RoryHeat Wave
61%
Garfield LynnsFirefly
57%
Kirk LangstromMan-Bat
57%
Mr. ZsaszVictor Zsasz
57%
Batman's #1 FanBat-Mite
54%
Princess Komand'rBlackfire
54%
David HydeBlack Manta
54%
George "Digger" HarknessCaptain Boomerang
54%
Assistant Of ^Desaad
54%
Prehistoric Kryptonian That Killed SupermanDoomsday
54%
Teen Titans Villain That Causes Bad LuckJinx
54%
Earth-3 BatmanOwlman
54%
Sebastian BloodBrother Blood
50%
Arthur LightDoctor Light
50%
NanaueKing Shark
50%
Imp From The Fifth Dimension With
A Super Weird Name
Mr. Mxyzptlk
50%
Lazlo ValentinProfessor Pyg
50%
Conqueror That Looks Like A StarfishStarro
50%
Roman SionisBlack Mask
46%
Mikron O'JeneusGizmo
46%
Leader Of The Female FuriesGranny Goodness
46%
Thomas ElliotHush
46%
Baran FlindersMammoth
46%
Roger CorbenMetallo
46%
Orm MariusOcean Master
46%
Tara MarkovTerra
46%
Earth-3 SupermanUltraman
46%
Earth-3 FlashJohnny Quick
43%
Drury WalkerKiller Moth
43%
The Main ManLobo
43%
Evan McCullochMirror Master
43%
One Of The Seven Deadly Enemies Of ManGreed
39%
Ruler Of WarworldMongul
39%
William TockmanClock King
36%
Teen Titans Villain That Loves ControllersControl Freak
36%
DexterDex-Starr
36%
Thaddeus Bodog SivanaDoctor Sivana
36%
One Of The Seven Deadly Enemies Of ManEnvy
36%
Lisa SnartGolden Glider
36%
Eldest Son Of DarkseidKalibak
36%
Earth-3 Green LanternPower Ring
36%
One Of The Seven Deadly Enemies Of ManPride
36%
Puppet Of ^Scarface
36%
General Of ApokolipsSteppenwolf
36%
Earth-3 Wonder WomanSuperwoman
36%
Winslow SchottToyman
36%
One Of The Seven Deadly Enemies Of ManWrath
36%
William HandBlack Hand
32%
Ben TurnerBronze Tiger
32%
Powerful Gotham Crime Lord Who Has Been Friends
With The Wayne Family
Carmine Falcone
32%
Robot SupermanCyborg Superman
32%
One Of The Seven Deadly Enemies Of ManGluttony
32%
Witch BoyKlarion The Witch Boy
32%
Agent OrangeLarfleeze
32%
One Of The Seven Deadly Enemies Of ManLust
32%
One Of The Seven Deadly Enemies Of ManSloth
32%
Arnold WeskerThe Ventriloquist
32%
Clifford DeVoeThinker
32%
Mark MardonWeather Wizard
32%
MobiusAnti-Monitor
29%
Member Of The H.I.V.E. Five Who Can MultiplyBilly Numerous
29%
Concrete Monster Enemy Of The Teen TitansCinderblock
29%
Doris ZuelGiganta
29%
Earth-3 CyborgGrid
29%
Member Of The Female FuriesLashina
29%
Rose WilsonRavager
29%
Evil Barry AllenSavitar
29%
Member Of The H.I.V.E. Five With Laser VisionSee-More
29%
James JesseTrickster
29%
James CraddockGentleman Ghost
25%
Charlie BrownKite Man
25%
Member Of The Female FuriesMad Harriet
25%
LexCorp Head Of SecurityMercy Graves
25%
Rudy JonesParasite
25%
Otis FlanneganRatcatcher
25%
Earth-3 AquamanSea King
25%
Member Of The Female FuriesStompa
25%
Vandar AdgVandal Savage
25%
Earth-3 AtomAtomica
21%
Red Lantern With Flaming WingsBleez
21%
Robert DuBoisBloodsport
21%
Julian DayCalendar Man
21%
Thomas Reese BlakeCatman
21%
Jade NguyenCheshire
21%
Earth-3 FirestormDeathstorm
21%
Chato SantanaEl Diablo
21%
June MooneEnchantress
21%
August HeartGodspeed
21%
Sandra WoosanLady Shiva
21%
Leslie WillisLivewire
21%
The Dark ArcherMalcolm Merlyn
21%
Abner KrillPolka-Dot Man
21%
Siobhan McDougalSilver Banshee
21%
UltimaxThe Brain
21%
"Kilowog" Of The Sinestro CorpsArkillo
18%
Half Superman/Half BatmanComposite Superman
18%
John DoeCopperhead
18%
Werner ZytleCount Vertigo
18%
Paul DekkerCrazy Quilt
18%
Big Headed Enemy Of Green LanternHector Hammond
18%
Giant Harry Man, Eventually General Wade
Eiling Tranfers His Mind Into This Creature
Shaggy Man
18%
Kyle NimbusThe Mist
18%
Roscoe Neyle DillonThe Top
18%
Master Of ZodiacZodiac Master
18%
Mitchell MayoCondiment King
14%
Joseph BlackfireDeacon Blackfire
14%
Daughter Of DarkseidGrail
14%
Laura De MilleMadame Rouge
14%
Telepathic Leader Of "The Elite"Manchester Black
14%
Daughter Of MongulMongal
14%
Gorilla Partner Of ^Monsieur Mallah
14%
Magician Villain Of The Teen TitansMumbo Jumbo
14%
Darius ChapelMusic Meister
14%
Curt CalhounPrometheus
14%
Roy G. BivoloRainbow Raider
14%
Lawrence "Crusher" CrockSportsmaster
14%
Russell GlossonThe Turtle
14%
Derek PowersBlight
11%
Noah KuttlerCalculator
11%
Kalaa of NilaaEclipso
11%
Lester BuchinskyElectrocutioner
11%
Leonard FiascoEraser
11%
Brainiac 8Indigo
11%
Gunter BraunJavelin
11%
William McElroyKing Tut
11%
Member Of The H.I.V.E. Five Who Can TeleportKyd Wykkyd
11%
Neil RichardsMad Mod
11%
Camilla OrtonMime
11%
Grace BalinOrca
11%
Andrea BeaumontPhantasm
11%
Bette Sans SouciPlastique
11%
Simon JonesPsimon
11%
Peter MerkelRag Doll
11%
William CobbTalon
11%
Gerard ShugelUltra-Humanite
11%
Adrian ChaseVigilante
11%
Jacob BakerZebra-Man
11%
Richard HertzBlackguard
7%
Carrie CutterCupid
7%
Edgar HeedEgghead
7%
Dekan DracheFelix Faust
7%
Eduardo FlamingoFlamingo
7%
Jason WoodrueFloronic Man
7%
Warren WhiteGreat White Shark
7%
Japense Woman With Claws Who Work For The PenguinKabuki Twins
7%
IluthinKanto
7%
Lyle BoltonLock-Up
7%
Margaret PyeMagpie
7%
Omar BashirMantis
7%
Anthropomorphic Frog Who Works For Professor PygMister Toad
7%
Evil Pie Maker Enemy Of The Teen TitansMother Mae-Eye
7%
Leader Of MutantsMutant Leader
7%
The Embodiment Of DeathNekron
7%
Roger HaydenPsycho-Pirate
7%
Catalina FloresTarantula
7%
Cat Of ^Teekl
7%
Richard SwiftThe Shade
7%
Dumfree and Deever TweedTweedledum And Tweedledee
7%
Scientist Of ApokolipsVirman Vundabar
7%
Mary Louise DahlBaby Doll
4%
Arthur BrownCluemaster
4%
Simon HurtDoctor Hurt
4%
Alexander SartoriusDoctor Phosphorus
4%
Marina MaruDoctor Poison
4%
Stephen LimeEmoticon Man
4%
David ConnorEradicator
4%
Yrra CynrilFatality
4%
Adam FellsGeomancer
4%
Tony WoodwardGirder
4%
Harriet PrattMarch Harriet
4%
Danton BlackMultiplex
4%
Oswald Hubert LoomisPrankster
4%
Evil Rockstar Villain Of The Teen TitansPunk Rocket
4%
WorldkillerReign
4%
Ishmael GregorSabbac
4%
Christopher WeissSlipknot
4%
Philip ReardonTen-Eyed Man
4%
Greer NelsonTigra
4%
Lonnie MachinAnarchy
0%
Bertram LarvanBug-Eyed Bandit
0%
Jake SimmonsDeathbolt
0%
Albert DesmondDoctor Alchemy
0%
Barton MathisDollmaker
0%
Chang TzuEgg Fu
0%
Hannibal BatesEveryman
0%
Frankie KaneMagenta
0%
Harry LoomisPack Rat
0%
Lashawn BaezPeek-A-Boo
0%
Alexis KayePunchline
0%
Henry HewittTokamak
0%

Score Distribution

Percentile by Number Answered

Percent of People with Each Score

Your Score History

You have not taken this quiz since the last reset